000 01607nam a2200385Ia 4500
001 ebr10404833
003 CaPaEBR
006 m u
007 cr cn|||||||||
008 100330s2010 mdu s 001 0 eng d
010 _z 2010011373
020 _z9780810876743 (pbk. : alk. paper)
020 _z9780810876750 (ebook)
040 _aCaPaEBR
_cCaPaEBR
035 _a(OCoLC)667294791
050 1 4 _aPN1993.5.U6
_bA8582 2010eb
082 0 4 _a791.43092/2
_222
245 0 0 _aAmerican classic screen interviews
_h[electronic resource] /
_cedited by John C. Tibbetts, James M. Welsh.
260 _aLanham :
_bScarecrow Press, Inc.,
_c2010.
300 _axxiii, 262 p.
500 _aIncludes index.
533 _aElectronic reproduction.
_bPalo Alto, Calif. :
_cebrary,
_d2010.
_nAvailable via World Wide Web.
_nAccess may be limited to ebrary affiliated libraries.
650 0 _aMotion pictures
_zUnited States.
650 0 _aMotion pictures
_xProduction and direction
_zUnited States.
650 0 _aMotion picture industry
_zUnited States.
650 0 _aMotion picture actors and actresses
_zUnited States
_vInterviews.
650 0 _aMotion picture producers and directors
_zUnited States
_vInterviews.
650 0 _aAnimators
_zUnited States
_vInterviews.
650 0 _aFilm historians
_zUnited States
_vInterviews.
655 7 _aElectronic books.
_2local
700 1 _aTibbetts, John C.
700 1 _aWelsh, James Michael.
710 2 _aebrary, Inc.
856 4 0 _uhttp://site.ebrary.com/lib/rucke/Doc?id=10404833
_zAn electronic book accessible through the World Wide Web; click to view
999 _c184753
_d184753